000 00622nam a2200229Ia 4500
003 OSt
005 20220918224952.0
006 a|||||r|||| 00| 0
007 ta
008 220917b |||||||| |||| 00| 0 eng d
024 _a235,588
037 _cTextual
040 _aARTS
_cARTS
_beng
041 _2eng
_aeng
082 _aT4p2:N64, K4
111 _aCollegiate Educational Conference (19to-c 19 : Hyderabad India)
_9149253
245 0 _aProceedings
260 _aHyderabad
_bK. Dattatreyulu India
_c1964
650 _aEDUCATION
942 _hT4p2:N64, K4
_cTEXL
_2CC
999 _c282828
_d282828